[Event "EU-chT Seniors 65"]
[Site "Swidnica"]
[Date "2023.07.17"]
[Round "6.5"]
[White "Williams, Stephen M"]
[Black "Czajkowski, Ryszard"]
[Result "0-1"]
[WhiteElo "1793"]
[BlackElo "2030"]
[PlyCount "86"]
[EventDate "2023.07.12"]
[EventType "team-swiss"]
[EventRounds "9"]
[EventCountry "POL"]
[SourceTitle "CBM 215 Extra"]
[Source "ChessBase"]
[SourceDate "2023.09.30"]
[SourceVersion "1"]
[SourceVersionDate "2023.09.30"]
[SourceQuality "1"]
[WhiteTeam "England 65 II"]
[BlackTeam "Lower Silesia 65"]
[WhiteTeamCountry "ENG"]
[BlackTeamCountry "POL"]

1. b3 Nf6 2. Bb2 e6 3. Nf3 d5 4. e3 Be7 5. Be2 0-0 6. 0-0 c5 7. d4 b6 8. Nbd2 Bb7 9. Ne5 Nc6 10. f4 Rc8 11. f5 exf5 12. Rxf5 Rc7 13. Bb5 Qc8 14. Rf2 Nxe5 15. dxe5 Ng4 16. Re2 c4 17. Bd4 a6 18. Bxc4 dxc4 19. Nxc4 b5 20. Nd6 Qe6 21. Nxb7 Rxb7 22. Rd2 Nxe5 23. Qh5 f6 24. Rf1 Qg4 25. Qf5 Qxf5 26. Rxf5 Rd7 27. h3 Rfd8 28. Rdf2 Nc6 29. Bb6 Rb8 30. Bc5 g6 31. Bxe7 gxf5 32. Bxf6 Rd5 33. Bg5 h5 34. Rf3 Kh7 35. h4 Re8 36. Bf6 Kg6 37. Bb2 Ne5 38. Rf2 Ng4 39. e4 Rxe4 40. Rf1 Rd2 41. Ba3 Ree2 42. Rc1 Rxg2+ 43. Kf1 Rdf2+ 0-1

[Event "EU-chT Seniors 65"]
[Site "Swidnica"]
[Date "2023.07.14"]
[Round "3.5"]
[White "Roos, Jean Luc"]
[Black "Czajkowski, Ryszard"]
[Result "0-1"]
[WhiteElo "2169"]
[BlackElo "2030"]
[PlyCount "108"]
[EventDate "2023.07.12"]
[EventType "team-swiss"]
[EventRounds "9"]
[EventCountry "POL"]
[SourceTitle "CBM 215 Extra"]
[Source "ChessBase"]
[SourceDate "2023.09.30"]
[SourceVersion "1"]
[SourceVersionDate "2023.09.30"]
[SourceQuality "1"]
[WhiteTeam "Strasbourg 65"]
[BlackTeam "Lower Silesia 65"]
[WhiteTeamCountry "FRA"]
[BlackTeamCountry "POL"]

1. e4 e6 2. d4 d5 3. e5 c5 4. c3 Bd7 5. Nf3 Qb6 6. Be2 Bb5 7. dxc5 Bxc5 8. b4 Bf8 9. 0-0 Bxe2 10. Qxe2 Qa6 11. b5 Qa4 12. Nbd2 Nd7 13. c4 Ne7 14. Bb2 dxc4 15. Nxc4 Nd5 16. Rfd1 N7b6 17. Rd4 Nxc4 18. Rxc4 Qa5 19. Rac1 Rd8 20. a4 Bb4 21. Qc2 0-0 22. Ng5 g6 23. Qb3 Bd2 24. Ne4 Bxc1 25. Rxc1 Rc8 26. Rf1 Rfd8 27. Nd6 Rc7 28. Bc1 Qc3 29. Qxc3 Nxc3 30. Bg5 Rb8 31. Ra1 b6 32. Kf1 Nd5 33. g3 Kg7 34. Bd2 f6 35. f4 fxe5 36. fxe5 Rf8+ 37. Ke2 h6 38. Ra3 g5 39. a5 Kg6 40. axb6 axb6 41. h3 Rc2 42. Kd1 Rc5 43. Ra7 Nc3+ 44. Bxc3 Rxc3 45. Re7 Rxg3 46. Rxe6+ Kh5 47. Ne4 Rxh3 48. Nf6+ Kh4 49. Rxb6 Rh2 50. Rd6 Rg2 51. Ke1 Ra8 52. Kf1 Kh3 53. Rd1 Raa2 54. Nd7 Kh2 0-1

[Event "POL-ch Seniors"]
[Site "Szklarska Poreba"]
[Date "2022.05.17"]
[Round "7"]
[White "Zawierucha, Aleksander"]
[Black "Czajkowski, Ryszard"]
[Result "1-0"]
[WhiteElo "1941"]
[BlackElo "2013"]
[PlyCount "73"]
[EventDate "2022.05.13"]
[EventType "swiss"]
[EventRounds "9"]
[EventCountry "POL"]
[SourceTitle "EXT 2024"]
[Source "ChessBase"]
[SourceDate "2023.10.10"]
[SourceVersion "1"]
[SourceVersionDate "2023.10.10"]
[SourceQuality "1"]

1. d4 Nf6 2. c4 g6 3. Nc3 d5 4. Bf4 Bg7 5. e3 0-0 6. Rc1 c6 7. h3 Nbd7 8. Nf3 dxc4 9. Bxc4 Nb6 10. Bb3 Nbd5 11. Bh2 Nxc3 12. bxc3 b6 13. 0-0 Bb7 14. Qe2 e6 15. Rfd1 Qe7 16. c4 Rfd8 17. e4 Rac8 18. Qe3 Qf8 19. g4 c5 20. d5 exd5 21. exd5 a6 22. a4 Nd7 23. Re1 Re8 24. Qf4 Bb2 25. Rxe8 Rxe8 26. Rb1 Bc3 27. Rc1 Bb2 28. Rc2 Qg7 29. Qc7 Bc8 30. Kf1 Ba1 31. Re2 Rxe2 32. Qxc8+ Nf8 33. Kxe2 Qb2+ 34. Nd2 Qc1 35. Bd6 Bg7 36. Bxf8 Bxf8 37. d6 1-0

[Event "Subcarpathian-chT"]
[Site "Bystre"]
[Date "2021.06.13"]
[Round "8.25"]
[White "Dzwierzynski, Bartosz"]
[Black "Czajkowski, Ryszard"]
[Result "1-0"]
[WhiteElo "2037"]
[BlackElo "2051"]
[PlyCount "49"]
[EventDate "2021.06.09"]
[EventType "team-tourn"]
[EventRounds "9"]
[EventCountry "POL"]
[SourceTitle "EXT 2022"]
[Source "ChessBase"]
[SourceDate "2021.10.06"]
[SourceVersion "1"]
[SourceVersionDate "2021.10.06"]
[SourceQuality "1"]

1. d4 Nf6 2. c4 g6 3. Nc3 d5 4. cxd5 Nxd5 5. Bd2 Bg7 6. e4 Nb6 7. Be3 0-0 8. h3 Nc6 9. Nf3 Na5 10. Be2 Nac4 11. Bg5 h6 12. Bh4 c5 13. dxc5 Nxb2 14. Qxd8 Bxc3+ 15. Qd2 N6a4 16. Bxe7 Re8 17. Bf6 Bxd2+ 18. Nxd2 Nxc5 19. Bxb2 Nxe4 20. Nxe4 Rxe4 21. f3 Rb4 22. Bc3 Ra4 23. a3 Bd7 24. Kf2 Rc8 25. Rhc1 1-0

[Event "Subcarpathian-chT"]
[Site "Bystre"]
[Date "2021.06.12"]
[Round "7.7"]
[White "Czajkowski, Ryszard"]
[Black "Gierulski, Kamil"]
[Result "1/2-1/2"]
[WhiteElo "2051"]
[BlackElo "2284"]
[PlyCount "106"]
[EventDate "2021.06.09"]
[EventType "team-tourn"]
[EventRounds "9"]
[EventCountry "POL"]
[SourceTitle "EXT 2022"]
[Source "ChessBase"]
[SourceDate "2021.10.06"]
[SourceVersion "1"]
[SourceVersionDate "2021.10.06"]
[SourceQuality "1"]

1. d4 Nf6 2. c4 e6 3. Nf3 d5 4. Nc3 Bb4 5. e3 0-0 6. Bd3 c5 7. 0-0 cxd4 8. exd4 dxc4 9. Bxc4 b6 10. a3 Bxc3 11. bxc3 Qc7 12. Qe2 Nbd7 13. Bb2 Bb7 14. Ba6 Bc6 15. Bb5 Bxb5 16. Qxb5 Ne4 17. Qd3 Nd6 18. Nd2 Rac8 19. a4 Nc4 20. Ba3 Rfd8 21. Rfc1 Nde5 22. Qe2 Nxd2 23. Qxd2 Nc4 24. Qa2 e5 25. Bc5 Na5 26. Ba3 e4 27. Rab1 Qc6 28. Rb4 Nc4 29. h3 Rd5 30. Re1 f5 31. Bc1 Kh8 32. f3 a5 33. fxe4 fxe4 34. Rb1 Re8 35. Qf2 Rdd8 36. Bg5 Rf8 37. Qh4 Rde8 38. Rf1 Qg6 39. Rxf8+ Rxf8 40. Re1 Re8 41. Bf4 Qc6 42. Qh5 Qxa4 43. Qd5 e3 44. Kh2 h6 45. Qf7 Rg8 46. Qe6 Re8 47. Qf7 Rg8 48. Qe6 Re8 49. Qf7 Rg8 50. Qe6 Re8 51. Qf7 Qc6 52. d5 Qc8 53. Bxh6 gxh6 1/2-1/2

[Event "Subcarpathian-chT"]
[Site "Bystre"]
[Date "2021.06.10"]
[Round "2.7"]
[White "Korys, Dawid"]
[Black "Czajkowski, Ryszard"]
[Result "1/2-1/2"]
[WhiteElo "1340"]
[BlackElo "2051"]
[PlyCount "114"]
[EventDate "2021.06.09"]
[EventType "team-tourn"]
[EventRounds "9"]
[EventCountry "POL"]
[SourceTitle "EXT 2022"]
[Source "ChessBase"]
[SourceDate "2021.10.06"]
[SourceVersion "1"]
[SourceVersionDate "2021.10.06"]
[SourceQuality "1"]

1. d4 Nf6 2. Nf3 g6 3. Bf4 Bg7 4. e3 0-0 5. h3 d5 6. Bd3 c5 7. c3 b6 8. Nbd2 Bb7 9. dxc5 bxc5 10. Qe2 Nc6 11. e4 d4 12. cxd4 cxd4 13. Rc1 Nd7 14. e5 Nb6 15. Ne4 Nd5 16. Bg3 Ndb4 17. a3 Nxd3+ 18. Qxd3 Nxe5 19. Bxe5 Bxe5 20. 0-0 Bg7 21. Rc5 Qb6 22. b4 Rac8 23. Rfc1 Rxc5 24. Rxc5 Rd8 25. Nfd2 e5 26. Qc4 h6 27. Rc7 Bd5 28. Qc5 Qxc5 29. Nxc5 Ra8 30. a4 f5 31. f3 h5 32. Rd7 Bf7 33. a5 Bh6 34. Ndb3 e4 35. Nxd4 Be3+ 36. Kf1 Bc4+ 37. Ke1 exf3 38. gxf3 Re8 39. Kd1 Bxd4 40. Rxd4 Be2+ 41. Kd2 Bxf3 42. h4 Bc6 43. Rd6 Bb5 44. Rxg6+ Kf7 45. Rg5 Kf6 46. Rxh5 f4 47. Ne4+ Rxe4 48. Rxb5 f3 49. Rc5 f2 50. Rc1 Rxb4 51. Rf1 Rxh4 52. Rxf2+ Ke6 53. Rg2 Kf6 54. Rf2+ Ke6 55. Rg2 Kf6 56. Rf2+ Ke6 57. Rg2 Ke5 1/2-1/2

[Event "Tatry op"]
[Site "Tatranske Zruby"]
[Date "2019.10.03"]
[Round "7"]
[White "Czajkowski, Ryszard"]
[Black "Kolesar, Milan"]
[Result "1-0"]
[WhiteElo "1984"]
[BlackElo "2203"]
[PlyCount "89"]
[EventDate "2019.09.28"]
[EventType "swiss"]
[EventRounds "9"]
[EventCountry "SVK"]
[SourceTitle "EXT 2020"]
[Source "ChessBase"]
[SourceDate "2019.10.17"]
[SourceVersion "1"]
[SourceVersionDate "2019.10.17"]
[SourceQuality "1"]

1. d4 d5 2. c4 c6 3. cxd5 cxd5 4. Nc3 Nf6 5. Bf4 Nc6 6. Nf3 a6 7. e3 Bg4 8. h3 Bxf3 9. gxf3 e6 10. Rg1 g6 11. Qd2 Bg7 12. 0-0-0 0-0 13. Kb1 b5 14. Bd3 Nd7 15. h4 Nb6 16. h5 Nc4 17. Qe1 Qb6 18. hxg6 hxg6 19. Qf1 b4 20. Na4 Qa5 21. b3 Na3+ 22. Kc1 e5 23. dxe5 Nxe5 24. Bxe5 Bxe5 25. Kd2 Nc4+ 26. Bxc4 dxc4 27. Qxc4 Rfc8 28. Rxg6+ Kf8 29. Rc6 Bc3+ 30. Ke2 Rxc6 31. Qxc6 Qb5+ 32. Qxb5 axb5 33. Nxc3 bxc3 34. Kd3 b4 35. Kc4 Rxa2 36. Kxb4 Rxf2 37. Kxc3 Rxf3 38. Rd3 Ke7 39. b4 Rf1 40. b5 Rb1 41. Kc4 Ke6 42. Kc5 Ke5 43. Kc6 f5 44. b6 Ke4 45. Rc3 1-0

[Event "Tatry op"]
[Site "Tatranske Zruby"]
[Date "2019.09.29"]
[Round "3"]
[White "Petran, Peter"]
[Black "Czajkowski, Ryszard"]
[Result "1-0"]
[WhiteElo "2242"]
[BlackElo "1984"]
[PlyCount "91"]
[EventDate "2019.09.28"]
[EventType "swiss"]
[EventRounds "9"]
[EventCountry "SVK"]
[SourceTitle "EXT 2020"]
[Source "ChessBase"]
[SourceDate "2019.10.17"]
[SourceVersion "1"]
[SourceVersionDate "2019.10.17"]
[SourceQuality "1"]

1. g3 d5 2. Bg2 Nf6 3. Nf3 g6 4. d3 Bg7 5. Nbd2 0-0 6. 0-0 Nc6 7. e4 e5 8. c3 Rb8 9. a4 a5 10. Qc2 Re8 11. Re1 d4 12. cxd4 exd4 13. Nc4 Nb4 14. Qb1 c5 15. Bd2 Be6 16. Bxb4 axb4 17. Qc2 h6 18. Nfd2 Qc7 19. a5 Nd7 20. f4 b5 21. axb6 Nxb6 22. Nxb6 Rxb6 23. b3 Bf8 24. e5 Rd8 25. Rec1 Bd5 26. Bxd5 Rxd5 27. Ne4 Be7 28. Qc4 Rd8 29. Ra5 Rc8 30. Rca1 Rb7 31. Ra6 Rb6 32. Rxb6 Qxb6 33. Ra6 Qb7 34. Rxg6+ Kf8 35. Rxh6 Ra8 36. Rh8+ Kg7 37. Rxa8 Qxa8 38. Qc2 Qa1+ 39. Kg2 Qe1 40. h4 f5 41. exf6+ Bxf6 42. Qxc5 Qe2+ 43. Nf2 Qd2 44. h5 Qc3 45. Qf5 Qxb3 46. Qg6+ 1-0

[Event "Tatry op"]
[Site "Tatranske Zruby"]
[Date "2019.09.28"]
[Round "1"]
[White "Czajkowski, Ryszard"]
[Black "Lyell, Mark"]
[Result "1-0"]
[WhiteElo "1984"]
[BlackElo "2198"]
[PlyCount "101"]
[EventDate "2019.09.28"]
[EventType "swiss"]
[EventRounds "9"]
[EventCountry "SVK"]
[SourceTitle "EXT 2020"]
[Source "ChessBase"]
[SourceDate "2019.10.17"]
[SourceVersion "1"]
[SourceVersionDate "2019.10.17"]
[SourceQuality "1"]

1. d4 f5 2. c4 Nf6 3. g3 e6 4. Bg2 Be7 5. Nh3 d6 6. Qb3 c6 7. Nc3 e5 8. c5 exd4 9. cxd6 Bxd6 10. Ng5 Qe7 11. Nd1 Bb4+ 12. Kf1 h6 13. Nf3 Be6 14. Qc2 0-0 15. Nxd4 Nbd7 16. Ne3 Ne4 17. Nxe6 Qxe6 18. Qc4 Qxc4 19. Nxc4 Rad8 20. Bf3 b5 21. Ne3 Ne5 22. Bxe4 fxe4 23. Kg2 Bc5 24. Rf1 Rd7 25. b3 Rfd8 26. h3 Bd4 27. Rb1 Bc3 28. Bb2 Bxb2 29. Rxb2 Rd2 30. Rfb1 Kf7 31. Kf1 Ke6 32. Ke1 R2d4 33. Rd1 c5 34. Rbd2 Nc6 35. Rc2 Rxd1+ 36. Nxd1 Rd5 37. Nc3 Nd4 38. Rc1 Re5 39. Kd2 a6 40. g4 h5 41. Ke3 hxg4 42. hxg4 b4 43. Nxe4 Nxe2 44. Rxc5 Nc3 45. Rxe5+ Kxe5 46. Nxc3 bxc3 47. b4 g5 48. a4 c2 49. Kd2 Kd4 50. Kxc2 Kc4 51. b5 1-0

[Event "Tatry op"]
[Site "Tatranske Zruby"]
[Date "2018.10.03"]
[Round "4"]
[White "Jablonicky, Martin"]
[Black "Czajkowski, Ryszard"]
[Result "0-1"]
[WhiteElo "2346"]
[BlackElo "2032"]
[PlyCount "148"]
[EventDate "2018.09.30"]
[EventType "swiss"]
[EventRounds "9"]
[EventCountry "SVK"]
[SourceTitle "CBM 186 Extra"]
[Source "ChessBase"]
[SourceDate "2018.08.24"]
[SourceVersion "1"]
[SourceVersionDate "2018.08.24"]
[SourceQuality "1"]

1. Nf3 Nf6 2. g3 g6 3. b3 Bg7 4. Bb2 d5 5. c4 c6 6. Bg2 0-0 7. 0-0 Nbd7 8. d4 Ne4 9. e3 b5 10. Nbd2 Nxd2 11. Qxd2 bxc4 12. bxc4 Ba6 13. Rfc1 Bxc4 14. Qc2 Rc8 15. Nd2 Bb5 16. a4 Ba6 17. Nb3 e5 18. Nc5 Nxc5 19. Qxc5 exd4 20. Bxd4 Bxd4 21. exd4 Qd7 22. h4 Bc4 23. Kh2 Rb8 24. Bh3 f5 25. Re1 Rfe8 26. h5 Kg7 27. Re5 Rxe5 28. dxe5 Re8 29. Qd4 Qe7 30. e6+ Kh6 31. Re1 c5 32. Qe3+ Qg5 33. f4 Qf6 34. g4 Qb2+ 35. Kg3 Qb3 36. Qxb3 Bxb3 37. gxf5 gxf5 38. Bxf5 Re7 39. Bg4 Kg7 40. f5 Bxa4 41. Kf4 Kf6 42. Rb1 Bc6 43. Rb8 Re8 44. Rb1 Re7 45. Rb8 Re8 46. Rb1 c4 47. Bf3 Rc8 48. Ra1 Rc7 49. Ra5 Ba8 50. Bxd5 Bxd5 51. Rxd5 c3 52. Rd1 c2 53. Rc1 a5 54. Ke4 a4 55. Kd3 Kxf5 56. e7 Rxe7 57. Rf1+ Kg5 58. Kxc2 Kxh5 59. Rh1+ Kg4 60. Rg1+ Kf3 61. Rh1 Rb7 62. Rh4 Kg3 63. Rxa4 h5 64. Ra3+ Kg2 65. Kd3 h4 66. Ra2+ Kg3 67. Ra8 Rg7 68. Ra1 Kf3 69. Rh1 Rd7+ 70. Kc3 Rh7 71. Kd3 h3 72. Rf1+ Kg2 73. Rf8 h2 74. Rg8+ Kf3 0-1

[Event "Tatry op"]
[Site "Tatranska Lomnica"]
[Date "2017.10.12"]
[Round "6"]
[White "Polatel, Ali"]
[Black "Czajkowski, Ryszard"]
[Result "1/2-1/2"]
[WhiteElo "2268"]
[BlackElo "2040"]
[PlyCount "118"]
[EventDate "2017.10.08"]
[EventType "swiss"]
[EventRounds "9"]
[EventCountry "SVK"]
[SourceTitle "CBM 181 Extra"]
[Source "ChessBase"]
[SourceDate "2017.12.12"]
[SourceVersion "1"]
[SourceVersionDate "2017.12.12"]
[SourceQuality "1"]

1. Nf3 Nf6 2. c4 g6 3. Nc3 d5 4. Qa4+ Nc6 5. d4 e6 6. Bg5 Bg7 7. e3 0-0 8. a3 h6 9. Bh4 Ne7 10. Bd3 Bd7 11. Qc2 dxc4 12. Bxc4 Nf5 13. Bxf6 Bxf6 14. Rd1 Bc6 15. Ne4 Bxe4 16. Qxe4 c5 17. 0-0 Nd6 18. Qd3 Nxc4 19. Qxc4 cxd4 20. Nxd4 Qb6 21. b4 Rac8 22. Qa2 Rc3 23. Ne2 Rc7 24. h3 a5 25. bxa5 Qxa5 26. Rb1 Rfc8 27. Nf4 Qa6 28. Rfd1 Rc2 29. Qb3 R8c7 30. a4 R2c4 31. Qd3 Rxa4 32. Rb5 Ra1 33. Rxa1 Qxa1+ 34. Kh2 Qa6 35. Qb1 Qd6 36. g3 Qd2 37. Qf1 g5 38. Nh5 Bd8 39. Rb1 Be7 40. Ra1 Qc2 41. Qg2 Kh7 42. Qf3 Qf5 43. Qxf5+ exf5 44. g4 fxg4 45. hxg4 b5 46. Rb1 Rb7 47. Kg2 Bd6 48. Nf6+ Kg6 49. Ne4 Be7 50. f4 f5 51. Nf2 gxf4 52. exf4 fxg4 53. Nxg4 Kf5 54. Kf3 h5 55. Ne3+ Ke6 56. Ke4 Bf6 57. Nd5 Bd8 58. f5+ Kf7 59. f6 b4 1/2-1/2

[Event "Tatry op"]
[Site "Tatranska Lomnica"]
[Date "2017.10.10"]
[Round "4"]
[White "Czajkowski, Ryszard"]
[Black "Skreno, Vladimir"]
[Result "1/2-1/2"]
[WhiteElo "2040"]
[BlackElo "2225"]
[PlyCount "73"]
[EventDate "2017.10.08"]
[EventType "swiss"]
[EventRounds "9"]
[EventCountry "SVK"]
[SourceTitle "CBM 181 Extra"]
[Source "ChessBase"]
[SourceDate "2017.12.12"]
[SourceVersion "1"]
[SourceVersionDate "2017.12.12"]
[SourceQuality "1"]

1. d4 Nf6 2. c4 g6 3. Nc3 Bg7 4. e4 d6 5. Be2 Nbd7 6. Bg5 h6 7. Be3 e5 8. d5 Nc5 9. f3 a5 10. Qd2 Nh5 11. g3 Bd7 12. 0-0-0 Nf6 13. Bf1 Qe7 14. Kb1 b6 15. Bh3 Ng8 16. Bxd7+ Qxd7 17. Nge2 f5 18. exf5 Qxf5+ 19. Ka1 a4 20. Bxc5 bxc5 21. Nb5 Kd7 22. Nec3 Ne7 23. a3 Rhf8 24. Ne4 Nc8 25. Rhf1 Nb6 26. Qe2 g5 27. Qe3 Rfc8 28. Nxc5+ dxc5 29. Qxc5 Qf6 30. d6 c6 31. Qxb6 cxb5 32. Qxb5+ Kd8 33. Qb6+ Kd7 34. Qb7+ Kd8 35. Qb6+ Kd7 36. Qb7+ Kd8 37. Qb6+ 1/2-1/2

[Event "Tatry op"]
[Site "Tatranska Lomnica"]
[Date "2017.10.08"]
[Round "1"]
[White "Franzen, Jozef"]
[Black "Czajkowski, Ryszard"]
[Result "1-0"]
[WhiteElo "2265"]
[BlackElo "2040"]
[PlyCount "63"]
[EventDate "2017.10.08"]
[EventType "swiss"]
[EventRounds "9"]
[EventCountry "SVK"]
[SourceTitle "CBM 181 Extra"]
[Source "ChessBase"]
[SourceDate "2017.12.12"]
[SourceVersion "1"]
[SourceVersionDate "2017.12.12"]
[SourceQuality "1"]

1. e4 e6 2. d4 d5 3. Nd2 c5 4. Ngf3 Nf6 5. exd5 exd5 6. Bb5+ Bd7 7. Bxd7+ Nbxd7 8. 0-0 Be7 9. dxc5 Nxc5 10. Nd4 0-0 11. Nf5 Re8 12. Nb3 Nce4 13. Be3 Bf8 14. Bd4 g6 15. Ne3 Bg7 16. c3 h5 17. f3 Ng5 18. Bxf6 Qxf6 19. Nxd5 Qc6 20. Qd2 Re5 21. Rad1 Rae8 22. Nf4 Qa4 23. Nd4 Qxa2 24. Ra1 Qc4 25. Rxa7 Bh6 26. Rxb7 Nxf3+ 27. gxf3 Rg5+ 28. Kf2 Rf5 29. Qd3 Qc8 30. Nxf5 Bxf4 31. Ne7+ Rxe7 32. Rxe7 1-0

[Event "POL-chT3 Podkarpackie"]
[Site "Czudec"]
[Date "2016.06.18"]
[Round "6.1"]
[White "Czajkowski, Ryszard"]
[Black "Piekarski, Lukasz"]
[Result "1/2-1/2"]
[WhiteElo "2076"]
[BlackElo "1971"]
[PlyCount "107"]
[EventDate "2016.05.27"]
[EventType "team-tourn"]
[EventRounds "9"]
[EventCountry "POL"]
[SourceTitle "EXT 2018"]
[Source "ChessBase"]
[SourceDate "2017.10.13"]
[SourceVersion "1"]
[SourceVersionDate "2017.10.13"]
[SourceQuality "1"]
[WhiteTeam "Tarnobrzeg"]
[BlackTeam "Ustrzyki Dolne"]
[WhiteTeamCountry "POL"]
[BlackTeamCountry "POL"]

1. d4 Nf6 2. c4 g6 3. Nc3 Bg7 4. e4 d6 5. Be2 0-0 6. Nf3 Na6 7. 0-0 e5 8. dxe5 dxe5 9. Qxd8 Rxd8 10. Bg5 h6 11. Bh4 Re8 12. Rad1 Nc5 13. Nd5 Nxd5 14. exd5 f5 15. b4 Na4 16. d6 cxd6 17. Rxd6 Nc3 18. Bd1 g5 19. Bxg5 hxg5 20. Nxg5 Nxd1 21. Rfxd1 f4 22. h4 Bf5 23. f3 a5 24. a3 axb4 25. axb4 Bf8 26. Rf6 Bc2 27. Rd2 Bb1 28. Rd1 Be7 29. Rb6 Bf5 30. c5 Ra4 31. Kh2 Ra6 32. Rxb7 Rh6 33. Ne4 Bxh4 34. Kg1 Rh7 35. Rxh7 Kxh7 36. Nd6 Rd8 37. Ra1 Be6 38. b5 Be7 39. Ne4 Kg6 40. Ra6 Kf5 41. g4+ fxg3 42. Nxg3+ Kf6 43. Ne4+ Kf7 44. c6 Bc4 45. Rb6 Rg8+ 46. Kf2 Bd3 47. Rb7 Bxe4 48. fxe4 Ke6 49. b6 Bc5+ 50. Ke2 Rc8 51. c7 Kd7 52. Kd3 Bxb6 53. Rxb6 Rxc7 54. Rh6 1/2-1/2

[Event "POL-chT3 Podkarpackie"]
[Site "Czudec"]
[Date "2016.06.18"]
[Round "7.1"]
[White "Mroczek, Jacek"]
[Black "Czajkowski, Ryszard"]
[Result "0-1"]
[WhiteElo "1923"]
[BlackElo "2076"]
[PlyCount "94"]
[EventDate "2016.05.27"]
[EventType "team-tourn"]
[EventRounds "9"]
[EventCountry "POL"]
[SourceTitle "EXT 2018"]
[Source "ChessBase"]
[SourceDate "2017.10.13"]
[SourceVersion "1"]
[SourceVersionDate "2017.10.13"]
[SourceQuality "1"]
[WhiteTeam "Sedziszow Malopolski"]
[BlackTeam "Tarnobrzeg"]
[WhiteTeamCountry "POL"]
[BlackTeamCountry "POL"]

1. d4 Nf6 2. c4 g6 3. Nc3 d5 4. cxd5 Nxd5 5. e4 Nxc3 6. bxc3 Bg7 7. Bc4 c5 8. Ne2 Nc6 9. Be3 cxd4 10. cxd4 0-0 11. 0-0 Bg4 12. f3 Na5 13. Bd3 Be6 14. d5 Bxa1 15. Qxa1 f6 16. Bh6 Re8 17. Kh1 a6 18. Nf4 Bf7 19. Rd1 Qd6 20. g4 Rac8 21. h4 Nc4 22. Ne2 Qe5 23. Qb1 Qb2 24. Bxc4 Qxb1 25. Rxb1 Rxc4 26. Rxb7 f5 27. gxf5 gxf5 28. Rb1 fxe4 29. Rg1+ Bg6 30. fxe4 Rxe4 31. Nf4 Kf7 32. h5 Bf5 33. Rg7+ Kf6 34. Rg3 Ke5 35. Rf3 Rg8 36. Ng2 Re2 37. Bf4+ Ke4 38. Nh4 Rg4 39. Nxf5 Re1+ 40. Kh2 Kxf3 41. Bg3 Re2+ 42. Kh3 Ra4 43. d6 exd6 44. Bxd6 Rexa2 45. h6 Ra1 46. Ng3 Re1 47. Nf5 Rd1 0-1

[Event "POL-chT3 Podkarpackie"]
[Site "Czudec"]
[Date "2016.05.27"]
[Round "1.1"]
[White "Lach, Ireneusz"]
[Black "Czajkowski, Ryszard"]
[Result "0-1"]
[WhiteElo "1984"]
[BlackElo "2076"]
[PlyCount "136"]
[EventDate "2016.05.27"]
[EventType "team-tourn"]
[EventRounds "9"]
[EventCountry "POL"]
[SourceTitle "EXT 2018"]
[Source "ChessBase"]
[SourceDate "2017.10.13"]
[SourceVersion "1"]
[SourceVersionDate "2017.10.13"]
[SourceQuality "1"]
[WhiteTeam "Bystrowice"]
[BlackTeam "Tarnobrzeg"]
[WhiteTeamCountry "POL"]
[BlackTeamCountry "POL"]

1. e4 e6 2. d4 d5 3. e5 c5 4. c3 Nc6 5. Nf3 Qb6 6. Be2 cxd4 7. cxd4 Nh6 8. Nc3 Nf5 9. Na4 Qa5+ 10. Kf1 h5 11. a3 b5 12. Nc3 a6 13. Be3 Bd7 14. Bd3 Nxe3+ 15. fxe3 b4 16. axb4 Qxb4 17. Qe2 a5 18. Kf2 Rb8 19. Rhb1 Be7 20. Kg1 Na7 21. e4 dxe4 22. Bxe4 Bd8 23. Kh1 Nb5 24. Qd3 Nc7 25. d5 Nxd5 26. Nxd5 exd5 27. Bxd5 0-0 28. Ba2 Qg4 29. Rd1 Rxb2 30. Rd2 Bf5 31. Qc3 Rxd2 32. Nxd2 Be6 33. h3 Qg6 34. Bb1 Qh6 35. Ne4 Bd5 36. Qd2 Qc6 37. Qc2 g6 38. Qd3 Bxe4 39. Qxe4 Qxe4 40. Bxe4 Re8 41. Rb1 Bc7 42. Bf3 Rxe5 43. Kg1 h4 44. Kf2 g5 45. Bd1 Rc5 46. Kf3 Rc3+ 47. Ke4 Kg7 48. Rb7 Rc1 49. Be2 Kf6 50. Bd3 Bg3 51. Be2 Be1 52. Kd4 Bc3+ 53. Kd3 Bb4 54. Bf3 Rc5 55. Kd4 Rf5 56. Bd5 Kg7 57. Kc4 Rf4+ 58. Kb3 Kg6 59. Bc4 Kf6 60. Bd5 Kg6 61. Bc4 f5 62. Rb6+ Kg7 63. Bd5 Bf8 64. Rb7+ Kf6 65. Bf3 g4 66. hxg4 fxg4 67. Bd5 g3 68. Rb5 Bb4 0-1

[Event "Tatry op"]
[Site "Tatranske Zruby"]
[Date "2015.10.03"]
[Round "9"]
[White "Czajkowski, Ryszard"]
[Black "Borsos, Bogdan"]
[Result "0-1"]
[WhiteElo "2097"]
[BlackElo "2243"]
[PlyCount "66"]
[EventDate "2015.09.26"]
[EventType "swiss"]
[EventRounds "9"]
[EventCountry "SVK"]
[SourceTitle "CBM 168 Extra"]
[Source "ChessBase"]
[SourceDate "2015.10.29"]
[SourceVersion "1"]
[SourceVersionDate "2015.10.29"]
[SourceQuality "1"]

1. d4 d5 2. c4 e6 3. Nf3 c5 4. cxd5 exd5 5. Nc3 Nc6 6. e3 Nf6 7. dxc5 Bxc5 8. Be2 0-0 9. 0-0 Re8 10. b3 a6 11. Bb2 Ba7 12. Na4 Ne4 13. Nd4 Qd6 14. Nxc6 bxc6 15. Bd4 c5 16. Bb2 Bb8 17. g3 Ng5 18. Rc1 Ba7 19. Qc2 d4 20. h4 Ne4 21. Bf3 Bf5 22. Qd1 Rad8 23. Kh2 Bb8 24. Bxe4 Rxe4 25. Nxc5 Rxh4+ 26. Kg1 d3 27. Qf3 Bg4 28. Qg2 Bh3 29. Qh2 d2 30. Rcd1 Qxc5 31. Bd4 Rdxd4 32. exd4 Qxd4 33. Ra1 Bxg3 0-1

[Event "Tatry op"]
[Site "Tatranske Zruby"]
[Date "2015.09.26"]
[Round "1"]
[White "Czajkowski, Ryszard"]
[Black "Skreno, Vladimir"]
[Result "0-1"]
[WhiteElo "2097"]
[BlackElo "2238"]
[PlyCount "200"]
[EventDate "2015.09.26"]
[EventType "swiss"]
[EventRounds "9"]
[EventCountry "SVK"]
[SourceTitle "CBM 168 Extra"]
[Source "ChessBase"]
[SourceDate "2015.10.29"]
[SourceVersion "1"]
[SourceVersionDate "2015.10.29"]
[SourceQuality "1"]

1. d4 Nf6 2. Nf3 g6 3. c4 Bg7 4. Nc3 d6 5. e4 0-0 6. Be2 e5 7. dxe5 dxe5 8. Qxd8 Rxd8 9. Bg5 Re8 10. Rd1 c6 11. Nxe5 Na6 12. f4 Nc5 13. Bxf6 Bxf6 14. 0-0 Bxe5 15. fxe5 Be6 16. Rd6 Nd7 17. Nd5 cxd5 18. cxd5 Nxe5 19. dxe6 Rxe6 20. Rxe6 fxe6 21. Rc1 Rd8 22. Rc2 Rd4 23. Bf3 Kf7 24. Kf2 Kf6 25. Ke3 Rd3+ 26. Ke2 Rd7 27. Rc8 g5 28. h3 b6 29. Rc3 Ng6 30. Ke3 Nf4 31. g3 Ng6 32. Be2 Ke5 33. a3 Rd4 34. Bd3 Rd7 35. b4 h5 36. Bc2 h4 37. gxh4 gxh4 38. Rc8 Nf4 39. Rh8 Rg7 40. Bd1 Rg3+ 41. Bf3 Rxh3 42. Ra8 Nd3 43. Ke2 Nc1+ 44. Kf2 Nd3+ 45. Ke2 Nf4+ 46. Kf2 Rh2+ 47. Ke3 Rb2 48. Rxa7 h3 49. a4 Rxb4 50. a5 Rb3+ 51. Kf2 h2 52. Bh1 Rb1 53. Bf3 h1Q 54. Bxh1 Rxh1 55. axb6 Rb1 56. b7 Kxe4 57. Kg3 Ke5 58. Kg4 Nd5 59. Kf3 Rb3+ 60. Kg4 Nf6+ 61. Kg5 Nd7 62. Kg6 Nb8 63. Ra5+ Kd6 64. Kf6 Rxb7 65. Ra1 Nd7+ 66. Kf7 Ne5+ 67. Kf6 Rf7+ 68. Kg5 Rf5+ 69. Kh4 Ke7 70. Ra8 Nf7 71. Kg4 Kf6 72. Ra7 Rb5 73. Kf4 Rb4+ 74. Ke3 Nd6 75. Ra8 Nf5+ 76. Kf3 Nd4+ 77. Ke4 Nc6+ 78. Kf3 Ke5 79. Rc8 Rc4 80. Ke3 Kd5 81. Rc7 e5 82. Rd7+ Ke6 83. Rh7 Ne7 84. Rh6+ Kd5 85. Rh7 Nf5+ 86. Kd3 Rd4+ 87. Ke2 Ke4 88. Rh8 Ra4 89. Kd2 Ra2+ 90. Ke1 Kf4 91. Rf8 e4 92. Kf1 Ke5 93. Ke1 Nd4 94. Kf1 e3 95. Re8+ Kf4 96. Re7 Kf3 97. Rf7+ Ke4 98. Re7+ Kd3 99. Rd7 Ra1+ 100. Kg2 e2 0-1